00648nam a22002057a 4500003000900000008004100009020001800050040007100068082001900139100003200158245004400190260002600234300008800260650001100348650001500359650001100374650001100385650002200396650002400418AR-CdUCM190322b ||||| |||| 00| 0 spa d a84-8389-173-5 aMUNICIPALIDAD PROVINCIAL DEL CUSCOcBIBLIOTECA MUNICIPAL DEL CUSCO a912.985 /bR28 aRavines Sánchez, Rogger H aAtlas Geografico Historico del Perú / aLima :bBrasa,c1996. a259 paginas ;bilustraciones, graficos, dibujos, retratos, mapas, cuadros, c33 cm. aAtlas  aGeografico aPerú aTierra aGeografica fisica aGeografia historica